00968nam a22002897a 4500999001500000001000600015003000900021005001700030008004100047020001800088040002800106082002000134100002000154245003500174260004100209300002800250504005100278650001700329650001700346650001900363651004600382651005300428651003000481651003700511942001200548952011800560 c3669d366918463BD-DhUAP20200310160130.0200310s2001 ii b 001 0 eng d a9780143027980 aDLCcDLCdBD-DhUAPbEng00223a950.072 SAI1 aSaid, Edward W.10aOrientalism /cEdward W. Said. aNew Delhi :bPenguin Books, cc2001. axi, 396 pages ;c25 cm. aIncludes bibliographical references and index. 0aOrientalism. 0aImperialism. 0aEast and West. 0aAsiaxForeign public opinion, Occidental. 0aMiddle EastxForeign public opinion, Occidental. 0aAsiaxStudy and teaching. 0aMiddle EastxStudy and teaching. 2ddccBK 00102ddc4070aUAPCLbUAPCLcGeneral Stacksd2020-03-10o950.072 SAIp3010018463r2020-03-10t1w2020-03-10yBK